| 000 | 00506nam a2200205Ia 4500 | ||
|---|---|---|---|
| 003 | OSt | ||
| 005 | 20250120102245.0 | ||
| 008 | 231217s9999 xx 000 0 und d | ||
| 020 | _a9788131706350 | ||
| 040 | _c0 | ||
| 041 | _aEnglish | ||
| 082 | _a001.64404 TIW;2 R | ||
| 100 | _aTiwana, Amrit | ||
| 245 | 4 | _aThe knowledge management tool kit | |
| 250 | _a2nd ed. | ||
| 260 |
_c2002 _bDorling Kindersley _aSouth Asia |
||
| 300 | _a411 | ||
| 650 | _aknowledge,management,tool | ||
| 942 |
_cAA _2ddc |
||
| 999 |
_c197728 _d197728 |
||